[Event "Moehnesee Cup-A 37th"]
[Site "Moehnesee"]
[Date "2011.09.02"]
[Round "3"]
[White "Lueck, Kai"]
[Black "Neugebauer, Philipp"]
[Result "1/2-1/2"]
[WhiteElo "2162"]
[BlackElo "1945"]
[PlyCount "83"]
[EventDate "2011.09.01"]
[EventType "swiss"]
[EventRounds "7"]
[EventCountry "GER"]
[SourceTitle "EXT 2013"]
[Source "ChessBase"]
[SourceDate "2012.11.22"]
[SourceVersion "1"]
[SourceVersionDate "2012.11.22"]
[SourceQuality "1"]

1. d4 d5 2. Nf3 e6 3. c4 c6 4. Nc3 Bd6 5. cxd5 exd5 6. Bg5 f6 7. Bh4 Ne7 8. Bg3 Nf5 9. Bxd6 Nxd6 10. e3 Qb6 11. Rb1 Bf5 12. Bd3 Bxd3 13. Qxd3 Qa6 14. Qxa6 Nxa6 15. b4 b5 16. Nd2 Nc7 17. f3 Nc4 18. Nxc4 bxc4 19. b5 Kd7 20. Kd2 cxb5 21. Nxb5 a6 22. Nxc7 Kxc7 23. e4 Kc6 24. Rb4 Rab8 25. Rhb1 Rxb4 26. Rxb4 Re8 27. Kc3 dxe4 28. Rxc4+ Kd7 29. fxe4 Rxe4 30. Kd3 Re1 31. Ra4 Re6 32. d5 Rb6 33. Kc4 Kd6 34. Ra3 f5 35. Re3 Rb2 36. Re6+ Kd7 37. Rxa6 Rxg2 38. Kc5 Rc2+ 39. Kd4 Rxh2 40. Ra7+ Kd6 41. Ra6+ Kd7 42. Ra7+ 1/2-1/2

[Event "Ruhrgebiet VK1 0910"]
[Site "Ruhrgebiet"]
[Date "2010.02.07"]
[Round "6.3"]
[White "Neugebauer, Philipp"]
[Black "Uhlich, Wilfried"]
[Result "1/2-1/2"]
[WhiteElo "1890"]
[BlackElo "1868"]
[PlyCount "149"]
[EventDate "2009.09.06"]
[EventType "team"]
[EventRounds "9"]
[EventCountry "GER"]
[SourceTitle "EXT 2011"]
[Source "ChessBase"]
[SourceDate "2010.11.26"]
[SourceVersion "1"]
[SourceVersionDate "2010.11.26"]
[SourceQuality "1"]
[WhiteTeam "Oberhausen III"]
[BlackTeam "Drewer SG"]
[WhiteTeamCountry "GER"]
[BlackTeamCountry "GER"]

1. d4 c6 2. Nc3 d5 3. f3 e6 4. e4 Nf6 5. e5 Nfd7 6. f4 b6 7. Nf3 Ba6 8. Bxa6 Nxa6 9. 0-0 g6 10. Ng5 Nc7 11. Qg4 Qe7 12. Ne2 0-0-0 13. a4 Ne8 14. Bd2 Ng7 15. Qf3 h6 16. Nh3 Nb8 17. b4 Qd7 18. Rfb1 Qb7 19. Qc3 Kd7 20. Nf2 Rc8 21. Nd3 Qc7 22. Be3 Be7 23. a5 Rhd8 24. axb6 axb6 25. Ra2 Ke8 26. Rba1 Rd7 27. Ng3 h5 28. Bf2 Qd8 29. Ne2 Rdc7 30. Qb3 Qd7 31. Qb1 Kf8 32. Qe1 Qd8 33. Ra7 Nd7 34. Rxc7 Rxc7 35. Ra6 Nf5 36. Qa1 Kg7 37. Ra7 Nb8 38. Nec1 Qd7 39. Rxc7 Qxc7 40. Nb3 Qb7 41. h3 h4 42. Nd2 Na6 43. c3 Nc7 44. Nf3 Nb5 45. Qe1 Qa6 46. Nxh4 Nbxd4 47. Nxf5+ Nxf5 48. Qd2 Qa1+ 49. Kh2 Bd8 50. Ne1 Qb1 51. Qc2 Qa1 52. Qd2 Qa3 53. Nf3 c5 54. g4 Ne7 55. bxc5 bxc5 56. Ne1 Ba5 57. Nc2 Qxc3 58. Qxc3 Bxc3 59. Bxc5 Nc6 60. Kg2 g5 61. Kf3 gxf4 62. Kxf4 Bxe5+ 63. Ke3 f6 64. Ne1 Bc3 65. Nf3 Ne5 66. Ng1 Nd7 67. Ba3 Nb6 68. Kd3 Ba1 69. Ne2 Nc4 70. Bc5 Be5 71. Ng1 Bd6 72. Bf2 e5 73. Ne2 Bb4 74. Ng3 Nd6 75. Bb6 1/2-1/2

[Event "Dortmund op-B"]
[Site "Dortmund"]
[Date "2009.07.06"]
[Round "3"]
[White "Truemper, Michael"]
[Black "Neugebauer, Philipp"]
[Result "0-1"]
[WhiteElo "1153"]
[BlackElo "1890"]
[PlyCount "112"]
[EventDate "2009.07.04"]
[EventType "swiss"]
[EventRounds "9"]
[EventCountry "GER"]
[SourceTitle "EXT 2012"]
[Source "ChessBase"]
[SourceDate "2011.11.24"]
[SourceVersion "1"]
[SourceVersionDate "2011.11.24"]
[SourceQuality "1"]

1. d4 Nf6 2. Nc3 g6 3. Bg5 Bg7 4. e4 d6 5. Nf3 Nbd7 6. Be2 h6 7. Bh4 g5 8. Bg3 Nh5 9. Qd2 c5 10. 0-0-0 g4 11. Ne1 cxd4 12. Nb5 Nxg3 13. hxg3 h5 14. Nxd4 Bh6 15. Bxg4 Bxd2+ 16. Rxd2 Nf6 17. Be2 Nxe4 18. Bb5+ Bd7 19. Bxd7+ Qxd7 20. Re2 Nf6 21. Nd3 0-0-0 22. Kb1 Kb8 23. Nb3 Rc8 24. Rd1 Qc7 25. Rde1 h4 26. gxh4 Rxh4 27. g3 Re4 28. f3 Rxe2 29. Rxe2 Rh8 30. g4 Rh1+ 31. Nbc1 Nd5 32. c3 Nxc3+ 33. bxc3 Qxc3 34. Re3 Rxc1+ 35. Nxc1 Qxe3 36. Kb2 Qxf3 37. Nb3 Qxg4 38. Ka3 Qf3 39. Ka4 Qxb3+ 40. axb3 Kc7 41. Kb4 Kc6 42. Kc4 e5 43. b4 a6 44. b5+ axb5+ 45. Kc3 f5 46. Kb4 f4 47. Ka5 b6+ 48. Kb4 f3 49. Kb3 f2 50. Kb2 f1Q 51. Ka2 Qc4+ 52. Ka3 e4 53. Kb2 e3 54. Ka3 e2 55. Kb2 e1Q 56. Ka3 Qeb4# 0-1

[Event "Dortmund Sparkassen op-B"]
[Site "Dortmund"]
[Date "2008.07.01"]
[Round "3"]
[White "Hansen, Jochen"]
[Black "Neugebauer, Philipp"]
[Result "0-1"]
[WhiteElo "1355"]
[BlackElo "1534"]
[PlyCount "58"]
[EventDate "2008.06.30"]
[EventType "swiss"]
[EventRounds "9"]
[EventCountry "GER"]
[SourceTitle "EXT 2022"]
[Source "ChessBase"]
[SourceDate "2021.10.06"]
[SourceVersion "1"]
[SourceVersionDate "2021.10.06"]
[SourceQuality "1"]

1. e4 c6 2. Nf3 d5 3. exd5 cxd5 4. d4 Bg4 5. Be2 e6 6. 0-0 Bd6 7. Ne5 Bxe2 8. Qxe2 Qc7 9. c3 Nc6 10. f4 0-0-0 11. Nd2 h6 12. Ndf3 Nf6 13. Nxc6 bxc6 14. Qa6+ Kb8 15. Ne5 Rc8 16. b3 Ne4 17. c4 f6 18. Nd3 c5 19. Ba3 cxd4 20. Bxd6 Qxd6 21. Qb5+ Qb6 22. Qxb6+ axb6 23. cxd5 exd5 24. Nb4 Nc3 25. f5 Rhe8 26. Rfe1 Re5 27. Rxe5 fxe5 28. Nd3 e4 29. Nf4 d3 0-1